[Event "34th Chess Olympiad (men)"]
[Site "Istanbul"]
[Date "2000.10.31"]
[Round "4.40.1"]
[White "De La Riva Aguado, Oscar"]
[Black "Al-Sayed, Mohammed"]
[WhiteElo "2462"]
[BlackElo "2370"]
[WhiteCountry "AND"]
[BlackCountry "QAT"]
[Result "1-0"]

1. e4 c5 2. Nf3 g6 3. d4 Bg7 4. Nc3 cxd4 5. Nxd4 Nc6 6. Be3 Nf6 7. Bc4 d6 
8. h3 O-O 9. Bb3 Na5 10. O-O b6 11. Qd3 Bb7 12. Nde2 Qc8 13. Rfe1 Ba6 
14. Qd2 Bb7 15. Ng3 Nc4 16. Bxc4 Qxc4 17. Bh6 b5 18. Bxg7 Kxg7 19. Qg5 Bc8 
20. e5 dxe5 21. Qxe5 b4 22. Re4 Qe6 23. Qxe6 Bxe6 24. Rxb4 Rab8 25. Rxb8 Rxb8 
26. Rb1 Nd7 27. Kf1 f5 28. Nge2 Bf7 29. Rd1 Rb7 30. b3 g5 31. Nd4 Kf6 
32. Na4 a6 33. c4 Rc7 34. Nc2 Ne5 35. Nb4 Nxc4 36. Nxa6 Ra7 37. N6c5 Nd6 
38. Nc3 f4 39. a4 Nf5 40. Rd8 e5 41. b4 Nd4 42. b5 Rc7 43. N3e4+ Ke7 
44. Ra8 Bd5 45. b6 Rxc5 46. Nxc5 
1-0

[Event "34th Chess Olympiad (men)"]
[Site "Istanbul"]
[Date "2000.10.31"]
[Round "4.40.2"]
[White "Abdulgha Four, Yousef"]
[Black "Gallego Martinez, Ruben"]
[WhiteElo "2052"]
[BlackElo "2313"]
[WhiteCountry "QAT"]
[BlackCountry "AND"]
[Result "1/2-1/2"]

1. e4 c5 2. Nc3 Nc6 3. g3 g6 4. Bg2 Bg7 5. d3 d6 6. f4 e6 7. Nf3 Nge7 
8. Be3 Nd4 9. O-O Rb8 10. Qd2 f5 11. Nd1 O-O 12. Ne1 e5 13. c3 Ne6 14. Nf2 b6 
15. Nf3 Bb7 16. Rad1 exf4 17. gxf4 Bh6 18. Ng5 Bxg5 19. fxg5 f4 20. Ng4 fxe3 
21. Qxe3 Kh8 22. Nh6 Qc7 23. Bh3 Ng7 24. Nf7+ Kg8 25. Nh6+ 
1/2-1/2

[Event "34th Chess Olympiad (men)"]
[Site "Istanbul"]
[Date "2000.10.31"]
[Round "4.40.3"]
[White "Santamaria, V"]
[Black "Al-Hitmi, Mohamad"]
[WhiteElo "2214"]
[BlackElo "2163"]
[WhiteCountry "AND"]
[BlackCountry "QAT"]
[Result "1-0"]

1. e4 c5 2. d3 Nc6 3. g3 g6 4. Bg2 Bg7 5. f4 d6 6. Nf3 e5 7. c3 Nge7 8. O-O O-O 
9. Be3 exf4 10. gxf4 Bg4 11. Nbd2 Qd7 12. Qe1 Bh3 13. Qg3 Bxg2 14. Kxg2 b6 
15. f5 Ne5 16. Nh4 N7c6 17. d4 Nd3 18. f6 Bh8 19. Rab1 cxd4 20. cxd4 Ndb4 
21. Nf5 Rfd8 22. a3 Na6 23. b4 Nc7 24. b5 Na5 25. Qg5 Ne6 26. Ne7+ Kf8 
27. Qh6+ Bg7 28. fxg7+ Kxe7 29. d5 
1-0

[Event "34th Chess Olympiad (men)"]
[Site "Istanbul"]
[Date "2000.10.31"]
[Round "4.40.4"]
[White "Al-Haddad, Hussein"]
[Black "Cots, Paltor Jordi"]
[WhiteElo "2000"]
[BlackElo "2123"]
[WhiteCountry "QAT"]
[BlackCountry "AND"]
[Result "1/2-1/2"]

1. d4 f5 2. g3 Nf6 3. Bg2 g6 4. Nh3 Bg7 5. Nf4 O-O 6. h4 d6 7. h5 e5 8. h6 Bh8 
9. Nd5 c6 10. Bg5 cxd5 11. Bxd5+ Rf7 12. Bxf7+ Kxf7 13. dxe5 Qa5+ 14. Nc3 dxe5 
15. Qd6 Be6 16. b4 Qb6 17. Qxb6 axb6 18. a4 Nc6 19. b5 Nd4 20. Rc1 Rc8 
21. Bd2 Nd5 22. Nxd5 Bxd5 23. f3 Rxc2 24. Rxc2 Nxc2+ 25. Kf2 e4 26. Rc1 Bb3 
27. Be3 Bxa4 28. Bxb6 exf3 29. exf3 Bf6 30. f4 Be7 31. Ba5 Bc5+ 32. Kf3 b6 
33. Bc3 Be7 34. Be5 Ke6 35. g4 g5 36. Bc7 Nd4+ 37. Kg2 gxf4 38. gxf5+ Kxf5 
39. Bxb6 Ne6 40. Ra1 Bc2 41. Bf2 Bf6 42. Ra7 Ng5 43. b6 Kg4 44. Rc7 Be4+ 
45. Kf1 Be5 46. Re7 Bd6 47. b7 f3 48. Rd7 Bh2 49. Ba7 Bc6 50. Rg7 Bg3 
51. b8Q Bxb8 52. Bxb8 Kh5 53. Bf4 Nh3 54. Be3 
1/2-1/2

[Event "34th Chess Olympiad (men)"]
[Site "Istanbul"]
[Date "2000.10.31"]
[Round "4.41.1"]
[White "Mas, Hafizul Hilmi"]
[Black "Moussa, Alaa-Eddine"]
[WhiteElo "2441"]
[BlackElo "2255"]
[WhiteCountry "MAS"]
[BlackCountry "PLE"]
[Result "1-0"]

1. e4 c5 2. f4 Nc6 3. Nf3 e6 4. Bb5 d5 5. Bxc6+ bxc6 6. Qe2 Nf6 7. e5 Nd7 
8. d3 Be7 9. O-O O-O 10. c4 a5 11. Na3 Ba6 12. Bd2 Qc7 13. Rab1 Rfe8 
14. Bc3 Bf8 15. Qe1 a4 16. Qd1 g6 17. Re1 Bg7 18. g3 h6 19. Kg2 Kh7 20. h4 Qd8 
21. Qc2 Kh8 22. Rh1 f6 23. exf6 Bxf6 24. Rbe1 d4 25. Bd2 Bc8 26. Re2 Bg7 
27. Bc1 Qf6 28. Nb1 Qf8 29. Nbd2 Bb7 30. Rhe1 Kh7 31. Ne4 e5 32. fxe5 Nxe5 
33. Nxe5 Rxe5 34. Bf4 Rf5 35. Bd6 Qd8 36. Be7 Qb8 37. Nd6 Rh5 38. g4 Rxh4 
39. Bxh4 Qxd6 40. Re6 Qd7 41. R1e4 g5 42. Re7 Qc8 43. Bg3 Kh8 44. Rc7 
1-0

[Event "34th Chess Olympiad (men)"]
[Site "Istanbul"]
[Date "2000.10.31"]
[Round "4.41.2"]
[White "Asaad, Salah"]
[Black "Mok, Tze-Meng"]
[WhiteElo "2000"]
[BlackElo "2308"]
[WhiteCountry "PLE"]
[BlackCountry "MAS"]
[Result "0-1"]

1. e4 c5 2. Ne2 Nc6 3. d4 cxd4 4. Nxd4 e5 5. Nb5 a6 6. Nd6+ Bxd6 7. Qxd6 Qf6 
8. Qd1 Qg6 9. Nc3 d5 10. Nxd5 Qxe4+ 11. Ne3 Nge7 12. Bd3 Qh4 13. O-O O-O 
14. c3 Be6 15. Qe2 f5 16. Bc4 Qf6 17. Re1 Rad8 18. b3 b5 19. Bxe6+ Qxe6 
20. Ba3 Rfe8 21. Rad1 Ng6 22. Qh5 Nce7 23. Bxe7 Nxe7 24. Rxd8 Rxd8 25. Rd1 Rc8 
26. c4 g6 27. Qg5 Kg7 28. g4 f4 29. Nf5+ Nxf5 30. gxf5 Qxf5 31. Qe7+ Kh6 
32. Rd7 Qg5+ 33. Qxg5+ Kxg5 34. cxb5 axb5 35. Rd5 Kg4 36. Kf1 Kf3 37. Ke1 e4 
38. a4 bxa4 39. bxa4 e3 40. fxe3 fxe3 41. Rd1 Rc2 
0-1

[Event "34th Chess Olympiad (men)"]
[Site "Istanbul"]
[Date "2000.10.31"]
[Round "4.41.3"]
[White "Wong, Zi Jing"]
[Black "Lekke, Khaled"]
[WhiteElo "2300"]
[BlackElo "2000"]
[WhiteCountry "MAS"]
[BlackCountry "PLE"]
[Result "1-0"]

1. e4 c6 2. d4 d5 3. Nc3 dxe4 4. Nxe4 Bf5 5. Ng3 Bg6 6. h4 h6 7. h5 Bh7 
8. Nf3 e6 9. Bd3 Bxd3 10. Qxd3 Bd6 11. Ne4 Nf6 12. Bd2 Nd5 13. O-O-O Na6 
14. c4 Nb6 15. Qb3 Be7 16. Rhe1 Qd7 17. Ne5 Qd8 18. c5 Qd5 19. cxb6 Qxb3 
20. axb3 axb6 21. Nc4 O-O 22. Nxb6 Ra7 23. Bc3 Nb4 24. Nc5 Nd5 25. Nxd5 cxd5 
26. Kd2 Rfa8 27. f4 b6 28. Nd3 b5 29. Bb4 Bf6 30. Ke3 Bd8 31. Rc1 Bf6 
32. Rc5 Rb7 33. Rec1 g5 34. hxg6ep fxg6 35. Rc8+ Rxc8 36. Rxc8+ Kf7 
37. Ne5+ Bxe5 38. dxe5 h5 39. Ba5 Ra7 40. Rc7+ Rxc7 41. Bxc7 Ke7 42. Kd4 Kd7 
43. Ba5 Kc6 44. b4 h4 45. Bd8 
1-0

[Event "34th Chess Olympiad (men)"]
[Site "Istanbul"]
[Date "2000.10.31"]
[Round "4.41.4"]
[White "Mawed, Mohamed"]
[Black "Chuah, Jin Hai Jonath"]
[WhiteElo "2000"]
[BlackElo "2180"]
[WhiteCountry "PLE"]
[BlackCountry "MAS"]
[Result "1/2-1/2"]

1. e4 c5 2. c3 d6 3. d4 cxd4 4. cxd4 Nf6 5. Nc3 e6 6. Nf3 Be7 7. Bd3 a6 
8. O-O b5 9. a3 Bb7 10. Re1 Nbd7 11. b4 Rc8 12. Bb2 Nb6 13. e5 dxe5 
14. dxe5 Nfd5 15. Nxd5 Bxd5 16. Bd4 Na4 17. Re3 Kf8 18. Be4 g6 19. Bxd5 Qxd5 
20. Qe2 Kg7 21. Rd1 Rhd8 22. Red3 Qc4 23. Qe3 h6 24. g3 Rd5 25. h4 Rd7 
26. Nd2 Qxd3 27. Qxd3 Nb2 28. Qb3 Nxd1 29. Nf3 Nc3 30. Qc2 Rc4 31. Kg2 Na4 
32. Qd2 a5 33. bxa5 Bc5 34. a6 Bxd4 35. a7 Nb6 36. Qa5 Bc5 37. Qxb5 Rc2 
38. Qxd7 Rxf2+ 39. Kh3 Rxf3 40. Qc6 Rc3 41. a4 Bd4 42. Qxb6 Bxb6 43. a8Q Bf2 
44. Qg2 Bd4 45. Qe4 Bf2 46. Qf4 Be1 47. Qf6+ Kg8 48. Qf4 Kg7 49. Kg2 Ra3 
50. Qc1 Rxg3+ 51. Kh2 Rg4 52. Qxe1 Rxa4 53. Qf2 h5 54. Qf6+ Kg8 55. Kg3 Rg4+ 
56. Kf3 Rd4 57. Ke3 Rg4 58. Kd3 
1/2-1/2

[Event "34th Chess Olympiad (men)"]
[Site "Istanbul"]
[Date "2000.10.31"]
[Round "4.42.2"]
[White "Lungu, Nase"]
[Black "Belli, Mario"]
[WhiteElo "2200"]
[BlackElo "2393"]
[WhiteCountry "ZAM"]
[BlackCountry "PER"]
[Result "1-0"]

1. e4 d6 2. d4 Nf6 3. Nc3 g6 4. f4 Bg7 5. Nf3 O-O 6. e5 Nfd7 7. Bc4 Nb6 
8. Be2 dxe5 9. fxe5 Nc6 10. O-O Bg4 11. Be3 f6 12. exf6 exf6 13. d5 Bxf3 
14. Rxf3 Ne5 15. Rh3 Qe7 16. Qd4 f5 17. Qc5 Qxc5 18. Bxc5 Rfd8 19. Rd1 Rd7 
20. Bb5 c6 21. dxc6 bxc6 22. Be2 Rad8 23. Be3 Nec4 24. Rxd7 Rxd7 25. Bc1 Bd4+ 
26. Kf1 Re7 27. Nd1 h5 28. Rd3 Be5 29. Rd8+ Kf7 30. b3 Nd6 31. Ba3 Rd7 
32. Rxd7+ Nxd7 33. h3 Ne4 34. Ba6 Ndc5 35. Bc8 Ke8 36. Nf2 Bd4 37. Nxe4 Nxe4 
38. Ke2 h4 39. Bc1 Ke7 40. Bf4 Bc5 41. a4 Bd6 42. Be3 Bc5 43. Bc1 Bd6 
44. Bh6 Bb4 45. Bf4 Bd6 46. Bc1 Bb4 47. Ba6 Ke6 48. Bd3 Nc3+ 49. Kf3 a5 
50. Bg5 Be7 51. Bc4+ Kd7 52. Bd2 Bf6 53. Bf7 g5 54. Ke3 Kd6 55. Kd3 Ne4 
56. Bxa5 g4 57. hxg4 Ng5 58. Bh5 f4 59. Ke2 f3+ 60. Kf1 fxg2+ 61. Kxg2 h3+ 
62. Kh1 Be5 63. Bd8 Ne4 64. Bh4 h2 65. Bg6 Nc3 66. a5 Kc7 67. Bd3 Nd5 
68. g5 Nb4 69. g6 Nxd3 70. cxd3 Kb7 71. Be7 
1-0

[Event "34th Chess Olympiad (men)"]
[Site "Istanbul"]
[Date "2000.10.31"]
[Round "4.42.3"]
[White "Ramos, Ernesto"]
[Black "Chumfwa, Stanley"]
[WhiteElo "2298"]
[BlackElo "2200"]
[WhiteCountry "PER"]
[BlackCountry "ZAM"]
[Result "1-0"]

1. d4 Nf6 2. Nf3 d5 3. c4 c6 4. e3 Bf5 5. Nc3 e6 6. Bd3 dxc4 7. Bxc4 Nbd7 
8. O-O Be7 9. Qe2 O-O 10. e4 Bg6 11. Bb3 Qa5 12. Rd1 Rfe8 13. Bd2 Qh5 
14. e5 Nd5 15. Ne4 Qg4 16. Ng3 Nf4 17. Qe3 Nd5 18. Qe1 Nf4 19. Rac1 c5 
20. Bxf4 Qxf4 21. Ne2 Qg4 22. h3 Qh5 23. Nf4 Qh6 24. Nxg6 hxg6 25. Ba4 Red8 
26. Bxd7 Rxd7 27. dxc5 Rxd1 28. Qxd1 Rd8 29. Qe1 Qf4 30. b4 Rd3 31. b5 Qa4 
32. c6 bxc6 33. bxc6 Rd8 34. c7 Rc8 35. Qd2 Qb5 36. Qd4 a5 37. a4 Qd5 
38. Qxd5 exd5 39. Nd4 f6 40. Nb5 
1-0

[Event "34th Chess Olympiad (men)"]
[Site "Istanbul"]
[Date "2000.10.31"]
[Round "4.42.4"]
[White "Phiri, Payani"]
[Black "Soto, Jorge"]
[WhiteElo "2114"]
[BlackElo "2225"]
[WhiteCountry "ZAM"]
[BlackCountry "PER"]
[Result "0-1"]

1. e4 c5 2. Nf3 Nc6 3. d4 cxd4 4. Nxd4 Nf6 5. Nc3 e5 6. Nb3 Bb4 7. Bd3 d5 
8. exd5 Nxd5 9. Bd2 Bxc3 10. bxc3 O-O 11. O-O f5 12. f4 e4 13. Bc4 Kh8 
14. Bxd5 Qxd5 15. Qe2 b6 16. Rfd1 Qf7 17. Be3 Be6 18. Rd6 Rac8 19. Rad1 Nd8 
20. Qd2 Nb7 21. Rd4 Qc7 22. c4 Qf7 23. Qb4 Rfe8 24. Qa4 Ra8 25. Qb5 Rac8 
26. Qa4 Qc7 27. Rd7 Qb8 28. R7d4 Re7 29. c3 Kg8 30. Qb4 Qc7 31. g3 Nc5 
32. Nc1 Kf7 33. R4d2 Nb7 34. Qa4 Na5 35. c5 bxc5 36. Rd6 Nc4 37. Rxe6 Nxe3 
38. Rxe7+ Kxe7 39. Rd2 Rd8 40. Rxd8 Kxd8 41. Kf2 Ng4+ 42. Ke2 Qb6 43. Nb3 Nxh2 
44. Qc4 Ke7 45. Qxc5+ Qxc5 46. Nxc5 Kd6 47. Nb3 Kd5 48. Na5 h6 49. a4 g5 
50. Nb3 Nf3 51. Na5 gxf4 52. gxf4 h5 53. c4+ Kc5 54. Nb7+ Kxc4 55. Nd6+ Kd5 
56. Nc8 Nd4+ 57. Ke3 Nc6 
0-1

[Event "34th Chess Olympiad (men)"]
[Site "Istanbul"]
[Date "2000.10.31"]
[Round "4.43.2"]
[White "Peralta, Eduardo"]
[Black "Solomon, Kenny"]
[WhiteElo "2330"]
[BlackElo "2267"]
[WhiteCountry "PAR"]
[BlackCountry "RSA"]
[Result "0-1"]

1. d4 Nf6 2. Nf3 e6 3. Bg5 c5 4. e3 Qb6 5. Nbd2 Qxb2 6. Bxf6 gxf6 7. Bd3 Qb6 
8. O-O Be7 9. Rb1 Qc7 10. c4 d6 11. d5 f5 12. e4 f4 13. e5 dxe5 14. Re1 Nd7 
15. Ne4 Nb6 16. Bc2 Nxc4 17. Ba4+ Kf8 18. dxe6 Bxe6 19. Neg5 Bxg5 20. Nxg5 Bf5 
21. Bc2 Rd8 22. Qc1 Bxc2 23. Qxc2 h6 24. Qxc4 hxg5 25. Qe4 b6 26. Qf5 Qd6 
27. Qxg5 f6 28. Qg6 Rg8 29. Qh6+ Rg7 30. g3 Kg8 31. a4 fxg3 32. hxg3 Qf8 
33. Qh5 Qf7 34. Qf3 Rd4 35. a5 Qe6 36. axb6 axb6 37. Ra1 Rd8 38. Ra6 Rgd7 
39. Rb1 e4 40. Qf4 Rd1+ 41. Rxd1 Rxd1+ 42. Kg2 e3 43. Ra8+ Kg7 44. Ra7+ Rd7 
45. Rxd7+ Qxd7 46. Qxe3 Qd5+ 47. f3 Qe5 48. Qb3 Qd6 49. g4 Qd2+ 50. Kh3 Qd6 
51. Kg2 Qc6 52. Qe3 c4 53. Qe7+ Kg8 54. g5 fxg5 55. Qxg5+ Kh7 56. Kf2 b5 
57. Qf5+ Kg7 58. Qe5+ Kf7 59. f4 c3 60. Qf5+ Ke8 61. Qc2 b4 62. Kg3 Kf8 
63. Kg4 Kg7 64. f5 Kf6 65. Qf2 Qe4+ 66. Kg3 Qd3+ 67. Kg4 Qd1+ 68. Kg3 Qd3+ 
69. Kg4 Qe4+ 70. Kg3 c2 71. Qd2 Kxf5 72. Qd7+ Ke5 73. Qc7+ Kd4 74. Qd6+ Kc3 
75. Qc5+ Kb2 76. Kf2 c1Q 
0-1

[Event "34th Chess Olympiad (men)"]
[Site "Istanbul"]
[Date "2000.10.31"]
[Round "4.43.3"]
[White "Van Der Nat, Nicholas"]
[Black "Sosa, Harrison Jorge"]
[WhiteElo "2116"]
[BlackElo "2256"]
[WhiteCountry "RSA"]
[BlackCountry "PAR"]
[Result "1-0"]

1. e4 e5 2. Nf3 d6 3. d4 Nd7 4. Bc4 c6 5. O-O Be7 6. a4 Ngf6 7. Nc3 O-O 
8. Bb3 h6 9. Re1 Qc7 10. h3 Re8 11. Be3 Nf8 12. Nd2 g5 13. h4 Ng4 14. Qf3 Bf6 
15. dxe5 dxe5 16. Nc4 Ng6 17. hxg5 hxg5 18. Bc5 Be7 19. Nd6 Rf8 20. Rad1 Nh6 
21. Qg3 Bg4 22. f3 Rad8 23. Nxb7 Bxc5+ 24. Nxc5 Qb6 25. Qf2 Rd4 26. Rxd4 exd4 
27. Qxd4 Nf4 28. fxg4 Nxg4 29. Rd1 Re8 30. Nd7 c5 31. Qd6 Qxd6 32. Rxd6 Kg7 
33. Nxc5 Rh8 34. Rd7 Ne5 35. Rxa7 Rd8 36. Bd5 Kf6 37. Ra8 Rd6 38. Ra6 Ke7 
39. Rxd6 Kxd6 40. b4 f5 41. a5 fxe4 42. N5xe4+ Kc7 43. Nxg5 Nxd5 44. Nxd5+ Kc6 
45. a6 Nc4 46. Nc3 Ne3 47. b5+ Kb6 48. Na4+ Ka7 49. c3 Nc4 50. Kf2 Nd6 
51. c4 Nxc4 52. Ne6 Nd6 53. Nd4 Nxb5 54. Nxb5+ Kxa6 55. g4 Kxb5 56. g5 Kxa4 
57. g6 Kb3 58. g7 Kc4 59. g8Q+ Kd4 60. Qe6 Kc5 61. Ke3 Kb4 62. Qc6 Ka5 
63. Qb7 Ka4 64. Kd4 Ka5 65. Ke4 
1-0

[Event "34th Chess Olympiad (men)"]
[Site "Istanbul"]
[Date "2000.10.31"]
[Round "4.43.4"]
[White "Cubas, Jose Fernando"]
[Black "Kromhout, Ewan"]
[WhiteElo "2247"]
[BlackElo "2000"]
[WhiteCountry "PAR"]
[BlackCountry "RSA"]
[Result "0-1"]

1. e4 c5 2. Nf3 e6 3. d4 cxd4 4. Nxd4 Nc6 5. Nc3 Qc7 6. Be3 a6 7. Bd3 Nf6 
8. O-O h5 9. h3 b5 10. Nxc6 Qxc6 11. a3 Bb7 12. Re1 Bd6 13. Bd4 e5 14. Be3 b4 
15. axb4 Bxb4 16. Bd2 O-O 17. Qf3 Qe6 18. Rad1 Rfc8 19. Qg3 a5 20. Nd5 Bxd2 
21. Rxd2 Rc5 22. c4 Re8 23. Qg5 Bxd5 24. exd5 Qe7 25. Rde2 d6 26. f4 Qa7 
27. Kh1 e4 28. Bxe4 Rb8 29. Bd3 Rc7 30. Re3 h4 31. Qxh4 Rcc8 32. Rg3 Re8 
33. Rf1 Re3 34. Rxe3 Qxe3 35. Rf3 Qc1+ 36. Kh2 Re8 37. Qf2 Re1 38. Kg3 g6 
39. Kh4 Kg7 40. Qd4 Rg1 41. g3 Rg2 42. b3 Qd1 43. Qe3 Qxb3 44. f5 Qb8 
45. Kg5 Qh8 46. g4 Rf2 
0-1

[Event "34th Chess Olympiad (men)"]
[Site "Istanbul"]
[Date "2000.10.31"]
[Round "4.44.1"]
[White "Guillen, Ramirez Jose Antonio"]
[Black "Nilssen, John Arni"]
[WhiteElo "2281"]
[BlackElo "2354"]
[WhiteCountry "HON"]
[BlackCountry "FAI"]
[Result "1-0"]

1. e4 c5 2. Nf3 Nc6 3. Bb5 g6 4. O-O Bg7 5. Qe2 Nf6 6. e5 Nd5 7. Qc4 Qb6 
8. Qxd5 Qxb5 9. Na3 Nb4 10. Qe4 Qc6 11. Qh4 f6 12. d4 Na6 13. Bh6 O-O 
14. Rfe1 Rf7 15. Rad1 Nc7 16. c4 d5 17. exd6ep exd6 18. dxc5 Qxc5 19. Nb5 g5 
20. Qh5 g4 21. Qxc5 dxc5 22. Rd8+ 
1-0

[Event "34th Chess Olympiad (men)"]
[Site "Istanbul"]
[Date "2000.10.31"]
[Round "4.44.2"]
[White "Rodgaard, John"]
[Black "Medina Colindres, Javier"]
[WhiteElo "2351"]
[BlackElo "2000"]
[WhiteCountry "FAI"]
[BlackCountry "HON"]
[Result "0-1"]

1. c4 c5 2. Nf3 Nf6 3. Nc3 Nc6 4. d4 cxd4 5. Nxd4 g6 6. e4 d6 7. Be2 Bg7 
8. Be3 Bd7 9. O-O O-O 10. Rc1 Rc8 11. f3 a6 12. Qd2 Re8 13. Nb3 Na5 
14. Nxa5 Qxa5 15. c5 Be6 16. cxd6 Rcd8 17. Qe1 exd6 18. Qf2 Qb4 19. Rc2 Rd7 
20. Rd1 d5 21. e5 Bf5 22. Rcd2 Rxe5 23. Bd4 Re8 24. Bxf6 Bxf6 25. Nxd5 Rxd5 
26. Rxd5 Bg5 27. Qf1 Qxb2 28. Bc4 b5 29. Bb3 Re2 30. f4 Bh4 31. Rxf5 gxf5 
32. Qf3 Kg7 33. g3 Be7 34. Qh5 Kh8 35. Bxf7 Qc2 36. Rf1 Bc5+ 37. Kh1 Qe4+ 
38. Qf3 Re1 39. Kg2 Rxf1 40. Qxe4 Rf2+ 
0-1

[Event "34th Chess Olympiad (men)"]
[Site "Istanbul"]
[Date "2000.10.31"]
[Round "4.44.3"]
[White "Villanueva Marcio, Marcio"]
[Black "Olsen, Heini"]
[WhiteElo "2000"]
[BlackElo "2313"]
[WhiteCountry "HON"]
[BlackCountry "FAI"]
[Result "0-1"]

1. e4 c5 2. Nf3 d6 3. d4 cxd4 4. Nxd4 Nf6 5. Nc3 a6 6. Bc4 e6 7. a4 Be7 
8. Be3 Qc7 9. Be2 O-O 10. O-O Nc6 11. f4 Bd7 12. Qe1 Rac8 13. Qg3 Kh8 
14. Nf3 e5 15. fxe5 Nxe5 16. Nxe5 dxe5 17. Rf2 Qa5 18. Rxf6 Rxc3 19. Qe1 Bxf6 
20. Qxc3 Qxc3 21. bxc3 Rc8 22. Bd2 Be7 23. Bd3 Bc5+ 24. Kf1 Bc6 25. Ke2 Rd8 
26. Be3 Bxe3 27. Kxe3 g6 28. g4 h6 29. a5 Kg7 30. h4 Rd6 31. Rf1 Rf6 
32. Rxf6 Kxf6 33. Bc4 Ke7 34. Bd5 Bxd5 35. exd5 f5 36. gxf5 gxf5 37. c4 Kd6 
38. c3 Kc5 39. h5 b6 40. axb6 Kxb6 41. d6 Kc6 42. c5 a5 43. Kd3 a4 44. Kc4 f4 
0-1

[Event "34th Chess Olympiad (men)"]
[Site "Istanbul"]
[Date "2000.10.31"]
[Round "4.44.4"]
[White "Simonsen, Olavur"]
[Black "Hernandez Lagos, Hector"]
[WhiteElo "2183"]
[BlackElo "2000"]
[WhiteCountry "FAI"]
[BlackCountry "HON"]
[Result "1-0"]

1. e4 c5 2. Nf3 d6 3. c3 Nf6 4. Be2 Nc6 5. d4 cxd4 6. cxd4 e6 7. Nc3 Be7 
8. O-O O-O 9. Ne1 e5 10. Nc2 exd4 11. Nxd4 Nxd4 12. Qxd4 Bd7 13. Rd1 Bc6 
14. Bf4 Re8 15. f3 h6 16. Nb5 Nh5 17. Bxd6 Bxb5 18. Bxb5 Bxd6 19. Bxe8 Bxh2+ 
20. Kxh2 Qh4+ 21. Kg1 Rxe8 22. Qd7 Re5 23. Qd8+ Qxd8 24. Rxd8+ Kh7 25. Rd5 Rg5 
26. Rxg5 hxg5 27. Rc1 
1-0

[Event "34th Chess Olympiad (men)"]
[Site "Istanbul"]
[Date "2000.10.31"]
[Round "4.45.1"]
[White "Matamoros, Franco Carlos S"]
[Black "Faraj, Yahya"]
[WhiteElo "2467"]
[BlackElo "2265"]
[WhiteCountry "ECU"]
[BlackCountry "YEM"]
[Result "1-0"]

1. c4 f5 2. g3 Nf6 3. Bg2 g6 4. Nc3 Bg7 5. d3 d6 6. e4 Nc6 7. Nge2 O-O 
8. O-O e5 9. Nd5 Ne7 10. Nxf6+ Bxf6 11. Bh6 Rf7 12. Qd2 c6 13. Bg5 Be6 
14. Bxf6 Rxf6 15. b3 Qb6 16. d4 Raf8 17. c5 Qc7 18. cxd6 Qxd6 19. f4 fxe4 
20. fxe5 Rxf1+ 21. Rxf1 Rxf1+ 22. Kxf1 Qd5 23. Nc3 Qa5 24. Bxe4 Nf5 25. Ke1 Qb6 
26. Bxf5 Bxf5 27. Nd1 Kg7 28. Ne3 Be6 29. Ng2 Qb5 30. Nf4 Bf5 31. h4 Bg4 
32. Qc3 Kf8 33. a4 Qb6 34. Nd3 Ke8 35. Nc5 Qc7 36. Ne4 Be6 37. Qb4 Qe7 
38. Nd6+ Kf8 39. Qxb7 Qxb7 40. Nxb7 Bxb3 41. Nc5 Bd5 42. g4 g5 43. hxg5 Kf7 
44. Kf2 Kg6 45. Kg3 Kxg5 46. a5 h6 47. Nd7 Bb3 48. Nc5 Bd5 49. Nd7 Bb3 
50. Nf6 Bc2 51. Kf3 Bd1+ 52. Ke3 Kg6 53. Kd2 Bf3 54. Kc3 Kf7 55. Kc4 Bd1 
56. Kc5 Ba4 57. Kd6 Bb5 58. Ne4 a6 59. e6+ Kf8 60. Nf6 Kg7 61. e7 c5 
62. e8Q Bxe8 63. Nxe8+ Kf7 64. dxc5 Kxe8 65. c6 
1-0

[Event "34th Chess Olympiad (men)"]
[Site "Istanbul"]
[Date "2000.10.31"]
[Round "4.45.2"]
[White "Al, Hadarani Hatim"]
[Black "Bastidas, Rodriguez Emilio Jos"]
[WhiteElo "2374"]
[BlackElo "2334"]
[WhiteCountry "YEM"]
[BlackCountry "ECU"]
[Result "0-1"]

1. e4 c5 2. Nf3 d6 3. d4 cxd4 4. Nxd4 Nf6 5. Nc3 a6 6. Bg5 e6 7. Qd2 b5 
8. Bd3 Bb7 9. a4 h6 10. Bxf6 Qxf6 11. Nce2 bxa4 12. Qb4 Qe7 13. Qxa4+ Qd7 
14. Qb3 Be7 15. f4 O-O 16. O-O Nc6 17. f5 Nxd4 18. Nxd4 Bf6 19. Ne2 Rfb8 
20. Qa2 exf5 21. Rxf5 Qe7 22. Rf4 Bc8 23. c3 Be6 24. Qb1 a5 25. Rf2 Qa7 
26. Kf1 Be5 27. Qc1 Qc5 28. Nf4 Bc4 29. Bxc4 Qxc4+ 30. Kg1 Qxe4 31. Qf1 Ra7 
32. Re1 Qf5 33. Kh1 Rab7 34. Nd3 Qe6 35. Qe2 Rb5 36. Qe4 f6 37. Rfe2 Qf7 
38. Qg4 Qd5 39. Qg6 Qf7 40. Qg4 Qd5 41. Qg6 Qc4 42. Rd2 Qh4 43. g3 Qg5 
44. Qxg5 hxg5 45. Kg2 g4 46. Re4 f5 47. Rc4 R8b7 48. Kf1 Kf7 49. Ke2 g5 
50. Kd1 Ke6 51. Kc1 Rd5 52. Kc2 Rh7 53. Rf2 Rf7 54. Ra4 Rc7 55. Re2 Kf6 
56. Rf2 Bd4 57. Rf1 Ke6 58. Kd2 Bb6 59. Re1+ Kf6 60. Raa1 Rh7 61. Re2 f4 
62. gxf4 gxf4 63. c4 Rd4 64. Kc3 f3 65. Rd2 Re4 66. Rf1 Be3 67. Rc2 Bd4+ 
68. Kb3 Re3 69. Rd2 Be5 70. Kc2 Rxh2 71. Nf2 Kf5 72. Nd1 Ree2 73. Rxe2 Rxe2+ 
74. Kd3 Kf4 75. Rh1 a4 76. Rh7 Bxb2 77. Rf7+ Kg3 78. c5 dxc5 79. Ne3 Rxe3+ 
80. Kxe3 Bd4+ 81. Kd2 Kg2 82. Rf4 g3 83. Rf7 f2 
0-1

[Event "34th Chess Olympiad (men)"]
[Site "Istanbul"]
[Date "2000.10.31"]
[Round "4.45.4"]
[White "Al-Zendani, Zendan"]
[Black "Moran, Augusto"]
[WhiteElo "2224"]
[BlackElo "2392"]
[WhiteCountry "YEM"]
[BlackCountry "ECU"]
[Result "0-1"]

1. e4 e6 2. d4 d5 3. Nc3 Bb4 4. e5 Qd7 5. a3 Bxc3+ 6. bxc3 b6 7. Nh3 Ba6 
8. Bxa6 Nxa6 9. Qd3 Qa4 10. O-O c5 11. Bg5 h6 12. Bd2 Ne7 13. Rac1 Rc8 
14. Nf4 cxd4 15. cxd4 Qc4 16. c3 Qxd3 17. Nxd3 Kd7 18. Nb4 Nb8 19. f4 g6 
20. Ra1 h5 21. g3 Nbc6 22. Nxc6 Nxc6 23. Ra2 Na5 24. h3 Rc4 25. Be1 Ra4 
26. g4 hxg4 27. hxg4 Nc4 28. Re2 Rxa3 29. f5 gxf5 30. gxf5 Rg8+ 31. Kh2 Ra1 
32. fxe6+ fxe6 33. Rf7+ Kc6 34. Re7 Rg6 35. Kh3 a5 36. Kh4 a4 37. Kh5 Rg8 
38. Rxe6+ Kb5 39. Rg6 Re8 40. Bh4 a3 41. Rgg2 Rb1 42. Kg6 Rb2 43. Kf7 Ra8 
44. Bg3 Rxe2 45. Rxe2 a2 46. Rxa2 Rxa2 47. e6 Ra7+ 48. e7 Ne3 49. Kf8 Ra8+ 
50. e8Q+ Rxe8+ 51. Kxe8 Nd1 52. Kd7 Kc4 53. Kc6 b5 54. Be1 Nxc3 
0-1

[Event "34th Chess Olympiad (men)"]
[Site "Istanbul"]
[Date "2000.10.31"]
[Round "4.46.1"]
[White "Cueto, Johnny"]
[Black "Dive, Russell John"]
[WhiteElo "2389"]
[BlackElo "2414"]
[WhiteCountry "BOL"]
[BlackCountry "NZL"]
[Result "0-1"]

1. e4 Nf6 2. e5 Nd5 3. c4 Nb6 4. c5 Nd5 5. Bc4 c6 6. Nc3 Nxc3 7. bxc3 b6 
8. cxb6 axb6 9. Ne2 Ba6 10. Bb3 e6 11. d4 d6 12. f4 dxe5 13. fxe5 Qh4+ 
14. Ng3 Be7 15. Kf2 c5 16. d5 c4 17. d6 Bd8 18. Bc2 b5 19. Re1 Bb6+ 
20. Be3 Qf4+ 21. Qf3 Bxe3+ 22. Rxe3 Qxf3+ 23. gxf3 Bb7 24. Nh5 g6 25. Nf6+ Kd8 
26. a4 Bc6 27. Ree1 bxa4 28. Reb1 Nd7 29. Nxd7 Kxd7 30. Rb4 f6 31. exf6 a3 
32. Ke3 Ra5 33. Rxc4 Rf8 34. Be4 Bxe4 35. fxe4 Kxd6 36. Rb4 Ke5 37. Rb3 a2 
38. Rb2 Ra4 39. Rf2 Rxf6 40. Raxa2 Rxe4+ 41. Kd3 Rxf2 42. Rxf2 Rh4 43. Ra2 g5 
44. Ra5+ Kf6 45. Ra2 e5 46. c4 Rd4+ 47. Kc3 h5 48. Kb4 e4 49. Kc5 Rd3 
50. Ra8 Kf5 51. Kb4 e3 52. c5 Rd1 53. Re8 Kf4 54. Kc3 Kf3 55. c6 e2 
0-1

[Event "34th Chess Olympiad (men)"]
[Site "Istanbul"]
[Date "2000.10.31"]
[Round "4.46.2"]
[White "Martin, Benjamin"]
[Black "Saavedra, Carlos"]
[WhiteElo "2377"]
[BlackElo "2206"]
[WhiteCountry "NZL"]
[BlackCountry "BOL"]
[Result "0-1"]

1. e4 c5 2. Nf3 d6 3. d4 cxd4 4. Nxd4 Nf6 5. Nc3 a6 6. a4 e6 7. Be2 Qc7 
8. O-O Nc6 9. Be3 Be7 10. f4 O-O 11. Qe1 Re8 12. Qg3 Nd7 13. Rad1 Bf6 
14. Nf3 b6 15. f5 Bxc3 16. fxe6 Rxe6 17. bxc3 Nde5 18. Nd4 Rg6 19. Qh4 Bg4 
20. Qf2 Bh3 21. g3 Bxf1 22. Rxf1 Nxd4 23. Bxd4 Rf6 24. Qe3 Rxf1+ 25. Kxf1 Qc6 
26. Bxb6 Qxa4 27. Qd4 Qc6 28. Ba5 f5 29. Qd5+ Qxd5 30. exd5 Kf7 31. h3 Ke7 
32. Kf2 Rc8 33. Bb4 Nc4 34. Bd3 g6 35. Kf3 a5 36. Bxc4 axb4 37. Bd3 Rxc3 
38. Ke3 b3 39. cxb3 Rxb3 40. Kd4 Kf6 41. h4 Rxd3+ 42. Kxd3 Ke5 
0-1